000 00477nmm a2200157Ia 4500
008 251105s9999||||xx |||||||||||||||||und||
020 _a9789560103819
041 _aspa
100 _aKappatos, Rigas
245 0 _aMitología griega y religión bíblica: una aproximación crítica
264 _a[Santiago de Chile, Chile] :
_bRil editores,
_c2017
300 _a144 páginas
650 _aMythology
856 _uhttps://public.digitaliapublishing.com/a/50386
942 _cCF
999 _c93824
_d93824